Menongkah wawasan

Bibliographic Details
Main Author: Hasanuddin Md.Isa
Format: Book
Published: Kuala Lumpur : DBP , 1995
Subjects:

MARC

LEADER 00000cam a2200000 7i4500
001 0000006835
002 000007364
005 20000330.0
020 |a 9836247394 
090 0 0 |a F   |b HAS 
100 0 |a Hasanuddin Md.Isa 
245 1 0 |a Menongkah wawasan   |c Hasanuddin Md.Isa 
260 |a Kuala Lumpur :   |b DBP ,   |c 1995 
300 |a 128p. ;   |c 19cm. 
650 0 0 |a General fiction, Malay 
999 |a 051388   |b BUKU   |c PINJAMAN   |e PERPUSTAKAAN KOMUNITI PETALING JAYA 
999 |a 051389   |b BUKU   |c PINJAMAN   |e PERPUSTAKAAN KOMUNITI PETALING JAYA 
999 |a 051390   |b BUKU   |c PINJAMAN   |e PERPUSTAKAAN KOMUNITI PETALING JAYA